00372 2200145 4500001002100000005001500021008004100036020002200077035001900099082001100118090001700129100001700146245003100163260003200194INLIS00000000001043820241224114012241224||||||||| | ||| |||| ||  a978-979-054-232-7 0010-12240104380 a796.54 a796.54 EDI a0 aAnandita F.P00aAsyiknya peraktek berkemah aCiawi - BogorbQuadrac2010